000 00622nam a22002297a 4500
003 UA-OsUOA
001 99479
007 ta
008 20130429b un ||||| |||| 00| 0 ukr d
100 _aТолстой А.
090 _a821.161.1
_bТ53
942 _cBK
040 _aUA-OsUOA
_brus
_cUA-OsUOA
_dUA-OsUOA
245 _aПовести и рассказы
300 _a334 с.
955 _a3
041 _arus
080 _a821.161.1
260 _aМ.
_bХудожественная литература
_c1985
650 7 _a82 Література. Літературознавство
_2UDC
999 _c385723
_d385723